00666nam a2200217 i 450000100060000000300090000600500170001500700030003200800410003502000180007610000200009424501280011425000150024226000480025730000220030550000270032750400200035470000300037471000120040485200320041675278ES-MaACL20230906172407.0t|040923s1986 sp ||||1| spa d a84-323-0535-91 aGrant, James P.10aEstado mundial de la infancia b: 1986 / cJames P. Grant ; [edición en español a cargo de Tomás Jiménez de Araya]. a[1ª ed.]. a[Madrid] : bSiglo XXI de España, c1986. a156 p. ; c26 cm. aPublicado para UNICEF. aBibliografía.1 aJiménez Araya, Tomás.2 aUnicef. aES-MaACLjL-9451 bR.111297